logo

Bir Sreshtho Munshi Abdur Rouf Library
Jhenaidah Cadet College

গোল্লাছুট সেরা গল্প / (Record no. 11158)

MARC details
000 -LEADER
fixed length control field 00857nam a2200241 a 4500
001 - CONTROL NUMBER
JCCL Control Number 11158
003 - CONTROL NUMBER IDENTIFIER
JCCL marc code BD-JhCC
005 - DATE AND TIME OF LATEST TRANSACTION
control field 20190921103517.0
008 - FIXED-LENGTH DATA ELEMENTS--GENERAL INFORMATION
fixed length control field 190604b20172018bg a|||| ||a| 000 0 ben d
020 ## - INTERNATIONAL STANDARD BOOK NUMBER
International Standard Book Number 9789849240464
035 ## - SYSTEM CONTROL NUMBER
system control number (BD-JhCC)11158
040 ## - CATALOGING SOURCE
Original cataloging agency BD-JhCC
Modifying agency BD-JhCC
041 ## - LANGUAGE CODE
Language code of Book ben
082 ## - DEWEY DECIMAL CLASSIFICATION NUMBER
Author mark and Year GOL 2018
Classification number 891.4435
245 ## - TITLE STATEMENT
Title গোল্লাছুট সেরা গল্প /
Statement of responsibility, etc সম্পাদনা: জাফর আহমদ রাশেদ, মো: সাইফুল্লাহ ।
260 ## - PUBLICATION, DISTRIBUTION, ETC. (IMPRINT)
Place of publication, distribution, etc ঢাকা:
Name of publisher, distributor, etc প্রথমা প্রকাশন;
Date of publication, distribution, etc ২০১৮.
300 ## - PHYSICAL DESCRIPTION
Pagination ৯৩ পৃঃ . :
Other physical details ill;
Dimensions ২৪ সেমি.
650 ## - SUBJECT ADDED ENTRY--TOPICAL TERM
Topical term or geographic name as entry element Juvenile
650 ## - SUBJECT ADDED ENTRY--TOPICAL TERM
Topical term or geographic name as entry element Short story
700 ## - ADDED ENTRY--PERSONAL NAME
Personal name রাশেদ, জাফর আহমদ
700 ## - ADDED ENTRY--PERSONAL NAME
Personal name সাইফুল্লাহ, মো:
942 ## - ADDED ENTRY ELEMENTS (KOHA)
Source of classification or shelving scheme Dewey Decimal Classification
Koha item type Books
Holdings
Source of classification or shelving scheme Damaged status Not for loan Home library Current library Shelving location Cost, normal purchase price Total Checkouts Full call number Barcode Date last seen Copy number Koha item type
Dewey Decimal Classification     JCC Rouf Library JCC Rouf Library General Stacks 210.00   891.4435 GOL 2018 15100 08/04/2019 C-1 Books

JCC Library | Contacts | JCC Home

Last Update on 23 September 2017
Copyright @ 2017-2020 JCC Rouf Library
Rouf Library, Jhenidah Cadet College (JCC), Bangladesh